Online Catalogue and eLibrary

The Kandyan wars : (Record no. 3462)

MARC details
000 -LEADER
fixed length control field 00431nam a2200169Ia 4500
005 - DATE AND TIME OF LATEST TRANSACTION
control field 20250221010942.0
008 - FIXED-LENGTH DATA ELEMENTS--GENERAL INFORMATION
fixed length control field 240331s9999 xx 000 0 und d
082 ## - DDC Classification
Item Number - Author Mark POW
Class No. 954
100 ## - MAIN ENTRY--PERSONAL NAME
Personal name Powell, G
245 #4 - TITLE STATEMENT
Title The Kandyan wars :
Remainder of title The British army in Ceylon 1803-1818
260 ## - PUBLICATION, DISTRIBUTION, ETC.
Place of publication, distribution, etc. New Delhi
Name of publisher, distributor, etc. Navrang
Date of publication, distribution, etc. 1984
300 ## - PHYSICAL DESCRIPTION
Extent (e.g. Volumes, Pages etc.) 319 p .,
650 ## - SUBJECT ADDED ENTRY--TOPICAL TERM
Topical term or geographic name entry element Ceylon History
650 ## - SUBJECT ADDED ENTRY--TOPICAL TERM
Topical term or geographic name entry element British Asian
650 ## - SUBJECT ADDED ENTRY--TOPICAL TERM
Topical term or geographic name entry element Soldiers
942 ## - Koha item type (Biblio)
Koha item type Books in Stacks (Lending)
Holdings
Lost status Damaged status Collection code Home library Current library Shelving location Date acquired Full call number Accession Number Item type
    Lending WERC Library WERC Library Social Science Cupboard 03/31/2024 954.93 POW 3585 Books in Stacks (Lending)

© WERC Library